logo

Bir Sreshtho Munshi Abdur Rouf Library
Jhenaidah Cadet College

রাজা রামমোহন : (Record no. 5150)

MARC details
000 -LEADER
fixed length control field 00797nam a2200217 a 4500
001 - CONTROL NUMBER
JCCL Control Number 5150
003 - CONTROL NUMBER IDENTIFIER
JCCL marc code BD-JhCC
005 - DATE AND TIME OF LATEST TRANSACTION
control field 20171211181824.0
008 - FIXED-LENGTH DATA ELEMENTS--GENERAL INFORMATION
fixed length control field 171209s1986 bg |||| ||a| 000 0 ben d
035 ## - SYSTEM CONTROL NUMBER
system control number (BD-JhCC) 5150
040 ## - CATALOGING SOURCE
Original cataloging agency BD-JhCC
Modifying agency BD-JhCC
041 ## - LANGUAGE CODE
Language code of Book ben
082 ## - DEWEY DECIMAL CLASSIFICATION NUMBER
Classification number 330.95414
Author mark and Year BHA 1986
100 ## - MAIN ENTRY--PERSONAL NAME
Personal name ভট্টাচার্য, ড. কুমুদকুমার
245 ## - TITLE STATEMENT
Title রাজা রামমোহন :
Remainder of title বঙ্গদেশের অর্থনীতির ও সংস্কৃতি /
Statement of responsibility, etc ড. কুমুদকুমার ভট্টাচার্য
260 ## - PUBLICATION, DISTRIBUTION, ETC. (IMPRINT)
Place of publication, distribution, etc কলকাতা :
Name of publisher, distributor, etc বর্ণ পরিচয় ,
Date of publication, distribution, etc 1986
300 ## - PHYSICAL DESCRIPTION
Pagination 223 p .:
Dimensions 22 cm .
650 ## - SUBJECT ADDED ENTRY--TOPICAL TERM
Topical term or geographic name as entry element Economics Condition
Geographic subdivision Bengal (India).
942 ## - ADDED ENTRY ELEMENTS (KOHA)
Source of classification or shelving scheme Dewey Decimal Classification
Koha item type Books
Holdings
Source of classification or shelving scheme Damaged status Not for loan Home library Current library Shelving location Date of accession Cost, normal purchase price Total Checkouts Full call number Barcode Date last seen Copy number Koha item type
Dewey Decimal Classification     JCC Rouf Library JCC Rouf Library General Stacks 12/09/2017 35.00   330.95414 BHA 1986 7133 12/09/2017 C-1 Books

JCC Library | Contacts | JCC Home

Last Update on 23 September 2017
Copyright @ 2017-2020 JCC Rouf Library
Rouf Library, Jhenidah Cadet College (JCC), Bangladesh